| 000 | 00593 a2200181 4500 | ||
|---|---|---|---|
| 020 | _a0-312-03545-4 | ||
| 040 | _aDLC | ||
| 082 | _a808.0666021 | ||
| 100 | 1 | _aKennedy, X. J. | |
| 245 | 0 | 4 |
_aThe Bedford guide for college writers : with readings and handbook _bwith readings and handbook _cX.J. Kennedy and Dorothy M. Kennedy. |
| 250 | _a2nd ed. | ||
| 260 |
_aBoston, MA : _bBedford Books of St. Martin's Press, _cc1990. |
||
| 300 |
_axxii, 819 p. ; _c24 cm. |
||
| 500 | _aPRIORITY 3 | ||
| 650 | 4 | _aSkriftlig framst䬬ning | |
| 650 | 4 | _aUppsatsskrivning | |
| 942 |
_cBK _k808.0666021 KEN _2ddc |
||
| 999 |
_c4902 _d4902 |
||